000 00796nam a22002177a 4500
999 _c6945
_d6945
003 AR-CdUCM
008 190319b ||||| |||| 00| 0 spa d
040 _aMUNICIPALIDAD PROVINCIAL DEL CUSCO
_cBIBLIOTECA MUNICIPAL DEL CUSCO
041 _hita
082 _a910 /
_bR33
100 _aReclus, Onésime
_919574
245 _aNovísima geografía universal :
_bEuropa /
260 _aValencia :
_bPrometeo,
300 _a6 tomos
_bilustraciones, mapas,
_c22 cm
505 _aContenido: t. 1 Europa -- t. 2 Asia -- t. 3 Africa -- t. 4 América del Norte -- t. 5 América Central y del Sur -- t. 6 América del Sur y Oceanía.
650 _aGeografía
_9318
700 _aReclus, Élisée
_919575
700 _aBlasco Ibáñez, Vicente (Traductor)
_919576
942 _2ddc
_cLIBROS
945 _araen